| 000 | 00601nam a2200169 4500 | ||
|---|---|---|---|
| 001 | 148070 | ||
| 003 | ES-MaACL | ||
| 005 | 20230906202419.0 | ||
| 007 | t| | ||
| 008 | 070214s1941 sp r ||||1| spa d | ||
| 100 | 1 |
_aStieve, Friedrich. _9108216 |
|
| 245 | 1 | 0 |
_aHistoria del pueblo alemán / _cpor Friedrich Stieve ; versión española de la novena edición alemana por Juan Jesús Gómez de Segura. |
| 260 |
_aBarcelona : _bLabor, _c1941 ( _fTall. Gráf. Ibero-Americanos) |
||
| 300 |
_a570 p. ; _c23 cm. |
||
| 700 | 1 |
_aGómez de Segura, Juan Jesús. _957921 |
|
| 852 |
_aES-MaACL _jF-15559 _bR.19820 |
||
| 999 |
_c148070 _d148070 |
||